Joueurs de l'Olympique lyonnais - Mort subite - Statistiques

Statistiques générales
  • Ce quiz a été pris 226 fois
  • Le résultat moyen est 16 sur 20
Answers on the Grid
Answers color-coded by a green-red scale on the quiz's grid according to % correct below.
Castello Lukeba
Jeff Reine-Adélaïde
Adrien Truffert
Alassane Pléa
Adil Hamdani
Clément Grenier
Mohammed Kudus
Jason Denayer
Rachid Ghezzal
Josip Brekalo
Moussa Dembélé
Yunus Musah
Malo Gusto
Miralem Pjanić
Dominik Szoboszlai
Teun Koopmeiners
Christophe Jallet
Jimmy Briand
Romain Faivre
Ilan Kebbal
Exequiel Palacios
Mariano Díaz
Khéphren Thuram
Samuel Umtiti
Dejan Lovren
Maxwell Cornet
Amine Gouiri
Enzo Le Fée
Fernando Marçal
Islam Slimani
 
Statistiques - réponses
Réponse % Correct
Castello Lukeba
92%
Jeff Reine-Adélaïde
89%
Samuel Umtiti
89%
Clément Grenier
88%
Malo Gusto
88%
Maxwell Cornet
88%
Moussa Dembélé
87%
Christophe Jallet
86%
Dejan Lovren
86%
Rachid Ghezzal
86%
Mariano Díaz
85%
Miralem Pjanić
84%
Jason Denayer
83%
Amine Gouiri
79%
Islam Slimani
79%
Fernando Marçal
77%
Jimmy Briand
77%
Romain Faivre
77%
Alassane Pléa
66%
Adil Hamdani
56%
Aucun quiz correspondant
Distribution des résultats
% des personnes avec chaque résultat
Percentile par nombre de réponses
Votre historique - résultats
Vous n’avez pas pris ce quiz